|
|
|
|
| LEADER |
01338nam a22003497a 4500 |
| 001 |
32984 |
| 003 |
BD-DhAAL |
| 005 |
20180417152229.0 |
| 008 |
180417t2013 bg a b 001 0 eng d |
| 999 |
|
|
|c 39245
|d 39245
|
| 020 |
|
|
|a 9847007607242
|
| 040 |
|
|
|a BD-DhAAL
|
| 041 |
0 |
|
|a eng
|
| 041 |
0 |
|
|a ben
|
| 082 |
0 |
4 |
|a 954.9205092
|2 22
|
| 245 |
1 |
0 |
|a Bongobondhupedia /
|c edited by Muntassir Mamoon
|
| 260 |
|
|
|a Dhaka :
|b Bangladesh Shishu Academy,
|c 2013
|
| 300 |
|
|
|a 320 pages :
|b illustrations ;
|c 25 cm
|
| 490 |
|
|
|a Father of the Nation Bongobondhu Sheikh Mujibur Rahaman children-books series 9
|
| 504 |
|
|
|a Includes bibliographical references (pages 309-313) and index.
|
| 526 |
|
|
|a AAL
|
| 541 |
|
|
|a Development Book Agency
|e 32984
|
| 600 |
0 |
0 |
|a Mujibur Rahman,
|c Sheikh,
|d 1920-1975
|x Political and social views
|9 14017
|
| 651 |
|
0 |
|a Bangladesh
|x Politics and government
|9 14018
|
| 700 |
|
|
|a Mamoon, Muntassir
|9 25618
|
| 700 |
|
|
|a Barua, Subrata
|9 25619
|
| 700 |
|
|
|a Palit, Tapan
|9 25620
|
| 700 |
|
|
|a Bhowmick, Rajib
|9 25621
|
| 700 |
|
|
|a Khan, Hashem
|9 25622
|
| 852 |
|
|
|a Ayesha Abed Library
|c General Stacks
|
| 942 |
|
|
|2 ddc
|c BK
|
| 952 |
|
|
|0 0
|1 0
|2 ddc
|4 0
|6 954_920509200000000_BON
|7 0
|9 63147
|a BRACUL
|b BRACUL
|c BNC
|d 2018-04-11
|e Development Book Agency
|g 233.75
|l 0
|o 954.9205092 BON
|p 3010032984
|r 2018-04-11
|t 1
|v 275.00
|w 2018-04-11
|y BK
|